000 00621nam a2200229Ia 4500
005 20230603151227.0
008 131103s9999 xx 000 0 und d
020 _a850453208
040 _aLoreto College
041 _aEnglish
082 _a940.1
_bWIS
100 _aWise,Terence
245 _a1066
_b year of destiny
_cTerence Wise
260 _aLondon
_bOsprey
_c1979
300 _a232 p.
_b ill.
504 _aIncludes bibliographical references and index
630 _aGreat Britain - Medieval History
650 _aMedieval History
651 _aEurope - Medieval History
850 _aLCLIB
942 _cBK
999 _c3880
_d54359